On holiday : a history of vacationing

Saved in:
Bibliographic Details
Main Author: Lofgren, Orvar
Format: Book
Language:English
Published: Berkeley : University of California Press :
Series:California studies in critical human geography ; ; 6
Subjects:
Tags: Add Tag
No Tags, Be the first to tag this record!

MARC

LEADER 00000nam a2200000 i 4500
001 1/31695
008 030129s1999 eng d
020 |a 0-520-21767-5 
035 |l 10069203 
040 |a GR-MY-UA  |b gre  |e aacr 
041 0 |a eng 
082 0 |a 910.4  |2 (21) 
100 1 |a Lofgren, Orvar. 
245 1 0 |a On holiday :  |b a history of vacationing /  |c Orvar Lofgren 
260 |a Berkeley :   |a University of California Press :  
300 |a xiv, 320 σελ.;  |b εικ.;  |c 24 εκ. 
490 1 |a California studies in critical human geography  |v ; 6 
504 |a Περιέχει βιβλιογραφία 
650 0 0 |a Travel. 
650 0 0 |a Holidays. 
830 0 |a California studies in critical human geography ;  |v ; 6 
852 |a INST  |b LESVOS  |e 20030129  |h 910.4 LOF  |p 005100028314  |q 005100028314  |t BK  |y 0 
901 |a BIBL1-2003-2 
909 |a Λ  |b 103131 
922 |a 1ΕΛΗ  |b 200211  |c 2ΚΠΣ/118  |d ΠΑΠΑΣΩΤΗΡΙΟΥ & ΕΛΕΥΘΕΡΟΥΔΑΚΗΣ 
950 |a 118-2002-10-09 
970 |a ΜΑΡΙΝΑΤΟΥ  |b ΜΥΡΣΙΝΗ  |z 2003/07/22